[Event "Guelph Winter Pro Am"]
[Site "Guelph CAN"]
[Date "2008.02.02"]
[Round "2"]
[White "Inigo, Aquino"]
[Black "Noritsyn, Nikolay"]
[Result "0-1"]
[WhiteElo "2041"]
[BlackElo "2458"]
[PlyCount "64"]
[GameId "2160767910442318"]
[EventDate "2008.02.02"]
[EventType "swiss"]
[EventRounds "5"]
[EventCountry "CAN"]
[SourceTitle "EXT 2011"]
[Source "ChessBase"]
[SourceDate "2011.11.26"]
[SourceVersion "1"]
[SourceVersionDate "2011.11.26"]
[SourceQuality "1"]

1. d4 Nf6 2. c4 c5 3. e3 g6 4. Nf3 Bg7 5. Be2 O-O 6. O-O b6 7. b3 Bb7 8. Bb2 d6 9. Nc3 a6 10. Rc1 e6 11. Qc2 Qe7 12. Rfd1 Rd8 13. Ne1 Nc6 14. Bf3 Rac8 15. d5 Ne5 16. Qe2 Nxf3+ 17. Nxf3 e5 18. e4 Rb8 19. Rb1 Bc8 20. Bc1 Nh5 21. Ne1 Nf4 22. Bxf4 exf4 23. Rbc1 Qg5 24. f3 Re8 25. Nd3 Bd7 26. Nf2 b5 27. cxb5 axb5 28. Qd2 Bd4 29. Kh1 Be3 30. Qb2 Qh4 31. Nd3 c4 32. Ne1 Re5 0-1

[Event "Guelph Winter Pro Am"]
[Site "Guelph CAN"]
[Date "2008.02.02"]
[Round "2"]
[White "Knox, Christopher"]
[Black "Becker, Paul"]
[Result "1-0"]
[WhiteElo "2050"]
[BlackElo "2088"]
[PlyCount "129"]
[GameId "2160767910442320"]
[EventDate "2008.02.02"]
[EventType "swiss"]
[EventRounds "5"]
[EventCountry "CAN"]
[SourceTitle "EXT 2011"]
[Source "ChessBase"]
[SourceDate "2011.11.26"]
[SourceVersion "1"]
[SourceVersionDate "2011.11.26"]
[SourceQuality "1"]

1. d4 d5 2. c4 c6 3. Nf3 Nf6 4. Nc3 a6 5. cxd5 cxd5 6. Ne5 Bf5 7. Qb3 Ra7 8. f3 e6 9. Qa4+ Nbd7 10. e4 dxe4 11. fxe4 Bg6 12. Bg5 Be7 13. Bxf6 Bxf6 14. Nxd7 Qxd7 15. Bb5 axb5 16. Qxa7 O-O 17. e5 Bh4+ 18. g3 Bg5 19. Qc5 Rc8 20. Qd6 Qe8 21. Rd1 Be7 22. Qb6 b4 23. Ne2 Be4 24. Rf1 Qa4 25. Rd2 Rc6 26. b3 Qa8 27. Qb5 Qc8 28. h4 Qd7 29. Kf2 Qd8 30. Rc1 Bxh4 31. Rxc6 bxc6 32. Qxb4 Bg5 33. Nf4 h5 34. Qc3 h4 35. Qe3 hxg3+ 36. Kxg3 Bh4+ 37. Kh2 Bf5 38. Rg2 g6 39. a4 Kf8 40. b4 Ke7 41. Qc3 Be4 42. Qc5+ Ke8 43. Rg4 Be7 44. Qc3 g5 45. Nxe6 Qd7 46. Ng7+ Kf8 47. Rxe4 Kxg7 48. Re2 Qg4 49. Qe3 Bxb4 50. Rg2 Qh4+ 51. Qh3 Qf4+ 52. Qg3 Qxd4 53. Qxg5+ Kf8 54. Qh6+ Ke8 55. Qxc6+ Ke7 56. Qf6+ Kf8 57. Rf2 Qd5 58. Qh8+ Ke7 59. Qh4+ Ke8 60. Qxb4 Qxe5+ 61. Qf4 Qh5+ 62. Kg3 Qg6+ 63. Kf3 Qh5+ 64. Qg4 Qh1+ 65. Ke3 1-0

[Event "Guelph Winter Pro Am"]
[Site "Guelph CAN"]
[Date "2008.02.02"]
[Round "2"]
[White "Li, Ian"]
[Black "Lachapelle, Christian"]
[Result "1-0"]
[WhiteElo "1285"]
[BlackElo "1380"]
[PlyCount "105"]
[GameId "2160767910442321"]
[EventDate "2008.02.02"]
[EventType "swiss"]
[EventRounds "5"]
[EventCountry "CAN"]
[SourceTitle "EXT 2011"]
[Source "ChessBase"]
[SourceDate "2011.11.26"]
[SourceVersion "1"]
[SourceVersionDate "2011.11.26"]
[SourceQuality "1"]

1. e4 c5 2. Nf3 d6 3. d4 cxd4 4. Nxd4 Nf6 5. Nc3 g6 6. Bc4 Bg7 7. O-O O-O 8. Be3 Nc6 9. h3 a6 10. Qd2 Bd7 11. a4 Qc8 12. Bb3 Bxh3 13. gxh3 Qxh3 14. f3 Ne5 15. Qg2 Qd7 16. Qh2 h5 17. Rad1 Rac8 18. Kh1 Nc4 19. Bxc4 Rxc4 20. Nde2 e5 21. b3 Rcc8 22. Rd2 Ne8 23. Nd5 Qe6 24. Rg1 f5 25. Rxg6 Qf7 26. Qxh5 fxe4 27. f4 Rc7 28. Nxc7 Qxc7 29. Qg4 Rf7 30. Qe6 Kf8 31. c4 Qd8 32. Qh3 Bf6 33. fxe5 Bxe5 34. Bd4 e3 35. Bxe3 b6 36. Bh6+ Ng7 37. Bxg7+ Bxg7 38. Rgxd6 Qa8+ 39. R2d5 Bf6 40. Qh6+ Kg8 41. Rxf6 Rh7 42. Rxb6 Rxh6+ 43. Rxh6 Kg7 44. Rhh5 a5 45. Nd4 Kg6 46. c5 Kg7 47. c6 Qa6 48. Rb5 Kf6 49. Rh6+ Kg7 50. Nf5+ Kg8 51. Rb8+ Kf7 52. Rb7+ Kg8 53. Rg7+ 1-0

[Event "Guelph Winter Pro Am"]
[Site "Guelph CAN"]
[Date "2008.02.02"]
[Round "2"]
[White "Sambuev, Bator"]
[Black "Martchenko, Alexander"]
[Result "1-0"]
[WhiteElo "2528"]
[BlackElo "2190"]
[PlyCount "75"]
[GameId "2160767910442323"]
[EventDate "2008.02.02"]
[EventType "swiss"]
[EventRounds "5"]
[EventCountry "CAN"]
[SourceTitle "EXT 2011"]
[Source "ChessBase"]
[SourceDate "2011.11.26"]
[SourceVersion "1"]
[SourceVersionDate "2011.11.26"]
[SourceQuality "1"]

1. d4 d5 2. c4 e6 3. Nf3 c6 4. Qc2 Nf6 5. g3 Nbd7 6. Bg2 Bd6 7. O-O O-O 8. Nbd2 Re8 9. b3 a5 10. Bb2 a4 11. e4 a3 12. Bc3 Bf8 13. Rfe1 b5 14. c5 dxe4 15. Ne5 Nxe5 16. dxe5 Nd5 17. Nxe4 b4 18. Bd2 Ra5 19. Rac1 Bd7 20. Nd6 Bxd6 21. exd6 Rb5 22. Be4 g6 23. Bd3 Rb8 24. h4 e5 25. Bg5 Qa5 26. h5 Kg7 27. Qc4 h6 28. Bd2 f5 29. hxg6 e4 30. Qd4+ Kxg6 31. Bc4 Be6 32. f3 exf3 33. Bd3 Qd8 34. Qg4+ Kf7 35. Qh5+ Kg8 36. Qg6+ Kh8 37. Qxh6+ Kg8 38. Rxe6 1-0

[Event "Guelph Winter Pro Am"]
[Site "Guelph CAN"]
[Date "2008.02.02"]
[Round "2"]
[White "Sellars, Karl"]
[Black "Wight, Keith"]
[Result "1-0"]
[WhiteElo "2087"]
[BlackElo "2149"]
[PlyCount "73"]
[GameId "2160767910442324"]
[EventDate "2008.02.02"]
[EventType "swiss"]
[EventRounds "5"]
[EventCountry "CAN"]
[SourceTitle "EXT 2011"]
[Source "ChessBase"]
[SourceDate "2011.11.26"]
[SourceVersion "1"]
[SourceVersionDate "2011.11.26"]
[SourceQuality "1"]

1. c4 e5 2. Nf3 d6 3. d4 exd4 4. Nxd4 g6 5. g3 Bg7 6. Bg2 Ne7 7. O-O O-O 8. Nc3 Nbc6 9. Nxc6 Nxc6 10. Qc2 Be6 11. Nd5 Nd4 12. Qd3 c6 13. Nf4 Bf5 14. e4 Bd7 15. Be3 Qf6 16. Rad1 Ne6 17. b3 Rfd8 18. Qxd6 Nxf4 19. Bxf4 Bg4 20. Qxf6 Bxf6 21. f3 Be6 22. Be3 a5 23. f4 Bg4 24. Rxd8+ Rxd8 25. h3 Bc8 26. Kf2 b5 27. e5 Be7 28. Rc1 a4 29. bxa4 bxc4 30. Rxc4 Be6 31. Rxc6 Bxa2 32. a5 Bd5 33. Bxd5 Rxd5 34. a6 Ra5 35. Rc8+ Kg7 36. a7 Ra2+ 37. Kf3 1-0

[Event "Guelph Winter Pro Am"]
[Site "Guelph CAN"]
[Date "2008.02.02"]
[Round "3"]
[White "Knox, Christopher"]
[Black "Drkulec, Vladimir"]
[Result "1-0"]
[WhiteElo "2050"]
[BlackElo "2182"]
[PlyCount "55"]
[GameId "2160767910442325"]
[EventDate "2008.02.02"]
[EventType "swiss"]
[EventRounds "5"]
[EventCountry "CAN"]
[SourceTitle "EXT 2011"]
[Source "ChessBase"]
[SourceDate "2011.11.26"]
[SourceVersion "1"]
[SourceVersionDate "2011.11.26"]
[SourceQuality "1"]

1. d4 Nf6 2. c4 c5 3. d5 b5 4. cxb5 a6 5. b6 d6 6. Nc3 Qxb6 7. e4 g6 8. a4 Qb4 9. Qc2 Bg7 10. Bd2 O-O 11. f3 Qb7 12. Bc4 a5 13. Nb5 Nbd7 14. Bc3 Nb6 15. b3 Ne8 16. Bxg7 Kxg7 17. g4 e5 18. Ne2 Qe7 19. Ng3 Qg5 20. Qd2 h6 21. h4 Qxd2+ 22. Kxd2 Bd7 23. Raf1 Rd8 24. Be2 f6 25. f4 exf4 26. Rxf4 Bc8 27. Na7 g5 28. Rhf1 1-0

[Event "Guelph Winter Pro Am"]
[Site "Guelph CAN"]
[Date "2008.02.02"]
[Round "3"]
[White "Lacau Rodean, Iulia"]
[Black "Zhang, Brent"]
[Result "1-0"]
[WhiteElo "1966"]
[BlackElo "1863"]
[PlyCount "69"]
[GameId "2160767910442326"]
[EventDate "2008.02.02"]
[EventType "swiss"]
[EventRounds "5"]
[EventCountry "CAN"]
[SourceTitle "EXT 2011"]
[Source "ChessBase"]
[SourceDate "2011.11.26"]
[SourceVersion "1"]
[SourceVersionDate "2011.11.26"]
[SourceQuality "1"]

1. e4 c5 2. Nf3 Nc6 3. d3 d6 4. g3 Nf6 5. Bg2 e6 6. O-O Be7 7. h3 Qc7 8. c3 O-O 9. Re1 Rd8 10. d4 d5 11. e5 Ne4 12. Nbd2 Nxd2 13. Bxd2 Bd7 14. Bg5 Be8 15. h4 h6 16. Bxe7 Nxe7 17. g4 Ng6 18. Qd2 Qe7 19. h5 Nh4 20. Qf4 Nxf3+ 21. Bxf3 Rac8 22. Rad1 b5 23. dxc5 Rxc5 24. Rd4 Rdc8 25. Red1 a6 26. Be2 Bd7 27. Qg3 Rf8 28. f4 g5 29. Bd3 gxf4 30. Rxf4 Qg5 31. Rf6 Kg7 32. Rdf1 Be8 33. R1f4 Qxe5 34. Rxf7+ Bxf7 35. Rxf7+ 1-0

[Event "Guelph Winter Pro Am"]
[Site "Guelph CAN"]
[Date "2008.02.02"]
[Round "3"]
[White "Lachapelle, Christian"]
[Black "France, Kyle"]
[Result "0-1"]
[WhiteElo "1380"]
[BlackElo "1262"]
[PlyCount "134"]
[GameId "2160767910442327"]
[EventDate "2008.02.02"]
[EventType "swiss"]
[EventRounds "5"]
[EventCountry "CAN"]
[SourceTitle "EXT 2011"]
[Source "ChessBase"]
[SourceDate "2011.11.26"]
[SourceVersion "1"]
[SourceVersionDate "2011.11.26"]
[SourceQuality "1"]

1. e4 e6 2. d3 d5 3. Nd2 Bb4 4. Ngf3 c5 5. b3 Nc6 6. g3 Bc3 7. Rb1 Nb4 8. Bb2 d4 9. Bg2 Nxa2 10. O-O Bxb2 11. Rxb2 Nc3 12. Qe1 Qa5 13. Nc4 Qc7 14. Nh4 g5 15. Nf3 f6 16. e5 g4 17. Nd6+ Ke7 18. Nxc8+ Rxc8 19. exf6+ Kxf6 20. Nh4 Re8 21. f3 gxf3 22. Rxf3+ Ke7 23. Nf5+ Kd8 24. Ne3 Qe5 25. b4 Ne7 26. bxc5 Ned5 27. c6 Nxe3 28. cxb7 Qb8 29. Rf4 e5 30. Rf6 Re7 31. Qa1 Ne2+ 32. Kh1 Nxg2 33. Qa5+ Rc7 34. Rd6+ Ke7 35. Qxe5+ Kf7 36. Rf6+ Kg8 37. Kxg2 Nxg3 38. hxg3 Rxc2+ 39. Rxc2 Qxe5 40. Rc8+ Kg7 41. Rxh8 Qd5+ 42. Kf2 Qxb7 43. Rhf8 a5 44. R8f7+ Qxf7 45. Rxf7+ Kxf7 46. Ke2 h5 47. Kd2 Kg6 48. Kc2 Kg5 49. Kb3 Kg4 50. Kc4 Kxg3 51. Kxd4 h4 52. Kc3 h3 53. d4 h2 54. d5 h1=Q 55. d6 Qa8 56. Kb3 Qd5+ 57. Ka4 Qxd6 58. Kxa5 Kf4 59. Kb5 Ke4 60. Kc4 Qd4+ 61. Kb5 Kd5 62. Ka6 Kc6 63. Ka5 Qb6+ 64. Ka4 Kc5 65. Ka3 Qb4+ 66. Ka2 Kc4 67. Ka1 Kc3 0-1

[Event "Guelph Winter Pro Am"]
[Site "Guelph CAN"]
[Date "2008.02.02"]
[Round "3"]
[White "Martchenko, Alexander"]
[Black "Inigo, Aquino"]
[Result "1/2-1/2"]
[WhiteElo "2190"]
[BlackElo "2041"]
[PlyCount "127"]
[GameId "2160767910442328"]
[EventDate "2008.02.02"]
[EventType "swiss"]
[EventRounds "5"]
[EventCountry "CAN"]
[SourceTitle "EXT 2011"]
[Source "ChessBase"]
[SourceDate "2011.11.26"]
[SourceVersion "1"]
[SourceVersionDate "2011.11.26"]
[SourceQuality "1"]

1. e4 e6 2. d4 d5 3. Nc3 Bb4 4. e5 c5 5. Bd2 Ne7 6. Nb5 Bxd2+ 7. Qxd2 O-O 8. f4 cxd4 9. Nf3 a6 10. Nd6 Nbc6 11. Bd3 f6 12. O-O fxe5 13. fxe5 Nf5 14. Nxf5 exf5 15. Rae1 Qe7 16. Qf4 Be6 17. Ng5 g6 18. Rf3 Kg7 19. Rh3 Rh8 20. g4 fxg4 21. Nxe6+ Qxe6 22. Qh6+ Kg8 23. Rh5 Rf8 24. Rg5 Ne7 25. Qh4 Kg7 26. Rxg4 Rf7 27. Kh1 Rhf8 28. Qg3 Nf5 29. Bxf5 Rxf5 30. Rxd4 Rf2 31. c4 R8f3 32. Qh4 Qf7 33. Rg1 Re3 34. Rdg4 Qf3+ 35. R4g2 Rxg2 36. Rxg2 Rxe5 37. cxd5 Qxd5 38. h3 Qe4 39. Qxe4 Rxe4 40. Rd2 Re7 41. Kg2 Rf7 42. Kg3 Kf8 43. Kg4 Kg7 44. Kg3 Kh6 45. Rd6 Rc7 46. Rb6 Kh5 47. Rb3 b5 48. Ra3 Rc6 49. Ra5 g5 50. a4 bxa4 51. h4 h6 52. hxg5 hxg5 53. Rxa4 Rb6 54. b4 Rc6 55. Kh3 g4+ 56. Kg3 Rc3+ 57. Kg2 Kh4 58. Rxa6 Rc2+ 59. Kg1 Kh3 60. Ra1 Rb2 61. Rc1 g3 62. Ra1 Rxb4 63. Rc1 Rb2 64. Ra1 1/2-1/2

[Event "Guelph Winter Pro Am"]
[Site "Guelph CAN"]
[Date "2008.02.02"]
[Round "3"]
[White "Noritsyn, Nikolay"]
[Black "Sambuev, Bator"]
[Result "1/2-1/2"]
[WhiteElo "2458"]
[BlackElo "2528"]
[PlyCount "132"]
[GameId "2160767910442330"]
[EventDate "2008.02.02"]
[EventType "swiss"]
[EventRounds "5"]
[EventCountry "CAN"]
[SourceTitle "EXT 2011"]
[Source "ChessBase"]
[SourceDate "2011.11.26"]
[SourceVersion "1"]
[SourceVersionDate "2011.11.26"]
[SourceQuality "1"]

1. c4 c6 2. e4 d5 3. exd5 cxd5 4. cxd5 Nf6 5. Nc3 Nxd5 6. d4 Nc6 7. Nf3 e6 8. Bd3 Be7 9. O-O O-O 10. a3 Nxc3 11. bxc3 b6 12. Qc2 g6 13. Bh6 Re8 14. Rfe1 Bb7 15. Qd2 Qc7 16. Ng5 Na5 17. Qe3 Bd6 18. Qh3 f5 19. Nxe6 Qc6 20. Bf1 Re7 21. Nf4 Rae8 22. Rxe7 Rxe7 23. Qh4 Qd7 24. Qg5 Re4 25. Nh5 Be7 26. Nf6+ Bxf6 27. Qxf6 Qe7 28. Qxe7 Rxe7 29. Bf4 Bd5 30. f3 Bc4 31. Kf2 Kf7 32. Bd6 Re8 33. Bb4 Bxf1 34. Bxa5 Bc4 35. Bb4 Re2+ 36. Kg1 Ke6 37. Bf8 Kd5 38. h4 Re8 39. Bg7 Re3 40. Rc1 Re2 41. Kh2 Bb3 42. Rb1 Kc4 43. d5 Re7 44. Bf6 Rd7 45. Re1 Kxd5 46. Re7 Rxe7 47. Bxe7 Kc4 48. Kg3 Kxc3 49. Kf4 Bc2 50. Kg5 Kb3 51. Kh6 f4 52. Kg5 Bd3 53. Kxf4 Bf1 54. g4 Be2 55. h5 gxh5 56. gxh5 a5 57. Ke3 Bd1 58. h6 Kc4 59. Ke4 b5 60. f4 b4 61. axb4 a4 62. b5 Kxb5 63. f5 Kc6 64. Ke5 Kd7 65. Kf6 Bc2 66. Ba3 Bb1 1/2-1/2

[Event "Guelph Winter Pro Am"]
[Site "Guelph CAN"]
[Date "2008.02.02"]
[Round "3"]
[White "Preotu, Razvan"]
[Black "Wong, Daniel"]
[Result "0-1"]
[WhiteElo "1335"]
[BlackElo "1079"]
[PlyCount "48"]
[GameId "2160767910442331"]
[EventDate "2008.02.02"]
[EventType "swiss"]
[EventRounds "5"]
[EventCountry "CAN"]
[SourceTitle "EXT 2011"]
[Source "ChessBase"]
[SourceDate "2011.11.26"]
[SourceVersion "1"]
[SourceVersionDate "2011.11.26"]
[SourceQuality "1"]

1. e4 c6 2. d4 d5 3. Nc3 dxe4 4. Nxe4 Bf5 5. Ng3 Bg6 6. Nf3 Nd7 7. Bf4 Ngf6 8. Nh4 Nd5 9. Nxg6 hxg6 10. Bd2 N7f6 11. Be2 e6 12. Be3 Bd6 13. Bg5 Qc7 14. Qd3 Nf4 15. Bxf4 Bxf4 16. O-O O-O-O 17. Qc3 Ne4 18. Qd3 Nxg3 19. fxg3 Be5 20. c3 c5 21. Rad1 cxd4 22. cxd4 Bxd4+ 23. Qxd4 Rxd4 24. Rxd4 Qb6 0-1

[Event "Guelph Winter Pro Am"]
[Site "Guelph CAN"]
[Date "2008.02.02"]
[Round "3"]
[White "Yuan, Yuanling"]
[Black "Sellars, Karl"]
[Result "1-0"]
[WhiteElo "2191"]
[BlackElo "2087"]
[PlyCount "49"]
[GameId "2160767910442333"]
[EventDate "2008.02.02"]
[EventType "swiss"]
[EventRounds "5"]
[EventCountry "CAN"]
[SourceTitle "EXT 2011"]
[Source "ChessBase"]
[SourceDate "2011.11.26"]
[SourceVersion "1"]
[SourceVersionDate "2011.11.26"]
[SourceQuality "1"]

1. e4 e5 2. Nf3 Nc6 3. Bb5 a6 4. Ba4 Nf6 5. O-O b5 6. Bb3 Bb7 7. Re1 Bd6 8. c3 O-O 9. d4 Re8 10. Bg5 h6 11. Bh4 Qe7 12. Nbd2 Rad8 13. a3 g6 14. Nf1 Na5 15. Bc2 Nc4 16. Qc1 Kg7 17. Ne3 Nxe3 18. Qxe3 Qe6 19. dxe5 Bxe5 20. Nxe5 Qxe5 21. Bg3 Qe6 22. Bxc7 Rc8 23. Bf4 g5 24. Bxg5 Ng4 25. Qd4+ 1-0

[Event "Guelph Winter Pro Am"]
[Site "Guelph CAN"]
[Date "2008.02.02"]
[Round "4"]
[White "Bailey, Doug"]
[Black "Noritsyn, Nikolay"]
[Result "0-1"]
[WhiteElo "2311"]
[BlackElo "2458"]
[PlyCount "120"]
[GameId "2160767910442334"]
[EventDate "2008.02.02"]
[EventType "swiss"]
[EventRounds "5"]
[EventCountry "CAN"]
[SourceTitle "EXT 2011"]
[Source "ChessBase"]
[SourceDate "2011.11.26"]
[SourceVersion "1"]
[SourceVersionDate "2011.11.26"]
[SourceQuality "1"]

1. e4 c5 2. Nf3 Nc6 3. d4 cxd4 4. Nxd4 g6 5. Nxc6 bxc6 6. c4 Bg7 7. Bd3 d6 8. O-O Nf6 9. Nc3 O-O 10. Qc2 Be6 11. Bf4 Nd7 12. Rad1 Re8 13. Rfe1 Qa5 14. Bd2 Qc7 15. b3 Nc5 16. Bf1 Bd7 17. b4 Ne6 18. Be3 a5 19. a3 axb4 20. axb4 Reb8 21. Rb1 Ra3 22. Rb3 Rxb3 23. Qxb3 Nd4 24. Qb2 Be6 25. Rb1 c5 26. b5 Nc6 27. Qa3 Ne5 28. Nd5 Bxd5 29. exd5 Ng4 30. Bd2 Bd4 31. Be1 Qb7 32. Qg3 Nf6 33. Rb3 Qd7 34. Qf3 Ng4 35. Ra3 Ne5 36. Qh3 Qb7 37. Ra6 Kg7 38. Bc3 Qc7 39. Be2 h5 40. Kf1 Rh8 41. f4 Ng4 42. Bxg4 hxg4 43. Qd3 Bf6 44. Kg1 Qd7 45. g3 Re8 46. Ra2 Kg8 47. Kg2 Kg7 48. Rb2 Ra8 49. b6 Qb7 50. f5 Ra6 51. Bxf6+ exf6 52. Qb3 g5 53. Kf2 Ra1 54. Rb1 Ra8 55. Re1 Rb8 56. Rb1 Rh8 57. Kg1 Re8 58. Qd3 Re7 59. h3 gxh3 60. g4 Qa6 0-1

[Event "Guelph Winter Pro Am"]
[Site "Guelph CAN"]
[Date "2008.02.02"]
[Round "4"]
[White "Becker, Paul"]
[Black "Evans, Bill"]
[Result "1-0"]
[WhiteElo "2088"]
[BlackElo "2077"]
[PlyCount "57"]
[GameId "2160767910442335"]
[EventDate "2008.02.02"]
[EventType "swiss"]
[EventRounds "5"]
[EventCountry "CAN"]
[SourceTitle "EXT 2011"]
[Source "ChessBase"]
[SourceDate "2011.11.26"]
[SourceVersion "1"]
[SourceVersionDate "2011.11.26"]
[SourceQuality "1"]

1. e4 d6 2. d4 Nf6 3. Nc3 g6 4. g3 Bg7 5. Bg2 O-O 6. Nge2 Nbd7 7. O-O e5 8. Re1 h6 9. h3 c6 10. Be3 Qe7 11. Qd2 Kh7 12. g4 Ng8 13. Ng3 Bf6 14. Nce2 Bg5 15. f4 exf4 16. Bxf4 Nb6 17. b3 Bd7 18. c4 Rad8 19. Rad1 Na8 20. Nc3 Nc7 21. d5 c5 22. Bxg5 hxg5 23. e5 Ne8 24. Nge4 dxe5 25. d6 Nxd6 26. Qxd6 Qe8 27. Nxg5+ Kh6 28. Rxe5 Bc6 29. Rxe8 1-0

[Event "Guelph Winter Pro Am"]
[Site "Guelph CAN"]
[Date "2008.02.02"]
[Round "4"]
[White "Dougherty, Michael"]
[Black "Gusev, Nikita"]
[Result "1-0"]
[WhiteElo "2284"]
[BlackElo "2109"]
[PlyCount "47"]
[GameId "2160767910442336"]
[EventDate "2008.02.02"]
[EventType "swiss"]
[EventRounds "5"]
[EventCountry "CAN"]
[SourceTitle "EXT 2011"]
[Source "ChessBase"]
[SourceDate "2011.11.26"]
[SourceVersion "1"]
[SourceVersionDate "2011.11.26"]
[SourceQuality "1"]

1. Nf3 d5 2. b3 Nf6 3. Bb2 e6 4. e3 Be7 5. d4 c6 6. Bd3 Nbd7 7. Nbd2 O-O 8. O-O Qc7 9. c4 b6 10. Rc1 Bb7 11. Ne5 Nxe5 12. dxe5 Nd7 13. cxd5 exd5 14. Qh5 g6 15. Qh6 Nc5 16. Rxc5 Bxc5 17. Nf3 f6 18. exf6 Rf7 19. Ng5 Bf8 20. Qh4 Re8 21. e4 Bd6 22. f4 dxe4 23. Bc4 Bc5+ 24. Kh1 1-0

[Event "Guelph Winter Pro Am"]
[Site "Guelph CAN"]
[Date "2008.02.02"]
[Round "4"]
[White "Gauer, Kai"]
[Black "Preotu, Razvan"]
[Result "0-1"]
[WhiteElo "1176"]
[BlackElo "1335"]
[PlyCount "82"]
[GameId "2160767910442337"]
[EventDate "2008.02.02"]
[EventType "swiss"]
[EventRounds "5"]
[EventCountry "CAN"]
[SourceTitle "EXT 2011"]
[Source "ChessBase"]
[SourceDate "2011.11.26"]
[SourceVersion "1"]
[SourceVersionDate "2011.11.26"]
[SourceQuality "1"]

1. e4 e5 2. Nf3 Nf6 3. d3 Nc6 4. g3 Bc5 5. Bg2 d6 6. O-O h6 7. c3 Be6 8. b4 Bb6 9. a4 a5 10. b5 Ne7 11. Na3 c6 12. Re1 Bc5 13. bxc6 bxc6 14. Rb1 O-O 15. d4 exd4 16. Nxd4 Bd7 17. e5 dxe5 18. Rxe5 Nfd5 19. c4 Bxa3 20. cxd5 Bxc1 21. Rxc1 cxd5 22. Bxd5 Nxd5 23. Rxd5 Qe7 24. Rc7 Bxa4 25. Rxe7 Bxd1 26. Ne6 Bb3 27. Nxf8 Bxd5 28. Re5 Bc6 29. Rc5 Be8 30. Re5 Kxf8 31. Re3 a4 32. Ra3 Rb8 33. Kf1 Rb3 34. Ra2 Ke7 35. Ke1 Kd6 36. Kd1 Kc5 37. Kc2 Kb4 38. h3 a3 39. Kc1 Rb2 40. Ra1 Kb3 41. h4 a2 0-1

[Event "Guelph Winter Pro Am"]
[Site "Guelph CAN"]
[Date "2008.02.02"]
[Round "4"]
[White "Ingram, Richard"]
[Black "Wight, Keith"]
[Result "1-0"]
[WhiteElo "2046"]
[BlackElo "2149"]
[PlyCount "53"]
[GameId "2160767910442340"]
[EventDate "2008.02.02"]
[EventType "swiss"]
[EventRounds "5"]
[EventCountry "CAN"]
[SourceTitle "EXT 2011"]
[Source "ChessBase"]
[SourceDate "2011.11.26"]
[SourceVersion "1"]
[SourceVersionDate "2011.11.26"]
[SourceQuality "1"]

1. e4 c5 2. Nf3 d6 3. d4 cxd4 4. Nxd4 Nf6 5. Nc3 a6 6. Bg5 e6 7. f4 Be7 8. Qf3 Qc7 9. O-O-O Nbd7 10. Be2 b5 11. Qe3 O-O 12. Kb1 b4 13. Na4 Bb7 14. Bf3 Rfe8 15. Rhe1 e5 16. Nf5 exf4 17. Bxf4 Ne5 18. Bxe5 dxe5 19. g4 Rac8 20. Rd2 Red8 21. Red1 Rxd2 22. Rxd2 Bf8 23. g5 Nd7 24. Bg4 Bc6 25. b3 Bxa4 26. bxa4 Rd8 27. Qd3 1-0

[Event "Guelph Winter Pro Am"]
[Site "Guelph CAN"]
[Date "2008.02.02"]
[Round "4"]
[White "Lacau Rodean, Iulia"]
[Black "Ferreira, Alex"]
[Result "1/2-1/2"]
[WhiteElo "1966"]
[BlackElo "1964"]
[PlyCount "227"]
[GameId "2160767910442341"]
[EventDate "2008.02.02"]
[EventType "swiss"]
[EventRounds "5"]
[EventCountry "CAN"]
[SourceTitle "EXT 2011"]
[Source "ChessBase"]
[SourceDate "2011.11.26"]
[SourceVersion "1"]
[SourceVersionDate "2011.11.26"]
[SourceQuality "1"]

1. e4 e5 2. Nf3 Nf6 3. Nxe5 d6 4. Nf3 Nxe4 5. Bd3 Nc5 6. O-O Nxd3 7. Qe2+ Be7 8. Qxd3 O-O 9. Nd4 Nd7 10. Nc3 Nc5 11. Qf3 Bf6 12. Nb3 Ne6 13. Ne4 Be5 14. d3 d5 15. Nec5 Nxc5 16. Nxc5 b6 17. Nb3 Bb7 18. d4 Bd6 19. Bf4 Bxf4 20. Qxf4 Qd7 21. Rfe1 Rfe8 22. Nd2 c5 23. Nf3 f6 24. Rxe8+ Rxe8 25. Re1 Rxe1+ 26. Nxe1 Qe7 27. Qe3 Kf7 28. Qxe7+ Kxe7 29. c3 Ke6 30. f3 Kf5 31. Kf2 Ba6 32. a3 h5 33. Nc2 g5 34. g3 Bb5 35. b4 cxb4 36. Nxb4 Ke6 37. Ke3 a5 38. Nc2 Be8 39. Ne1 Bg6 40. Ng2 Kd6 41. h4 Bf5 42. Kd2 Kc6 43. Ne3 Be6 44. f4 Kb5 45. Kc2 gxh4 46. gxh4 Ka4 47. Kb2 b5 48. f5 Bf7 49. Ng2 b4 50. axb4 axb4 51. cxb4 Kxb4 52. Ne3 Kb5 53. Kc3 Kc6 54. Kb4 Be8 55. Ng2 Kd6 56. Nf4 Bd7 57. Nxh5 Bxf5 58. Nxf6 Ke6 59. Nh5 Be4 60. Ng3 Bf3 61. Kc3 Kf6 62. Kd3 Bd1 63. Ke3 Bc2 64. Kd2 Bb3 65. Ke3 Bc2 66. Kf4 Bd1 67. Nf1 Bc2 68. Ne3 Be4 69. Kg4 Kg6 70. h5+ Kf6 71. Kf4 Ke6 72. Kg5 Kf7 73. h6 Ke6 74. Ng4 Kf7 75. Nf6 Bf3 76. Nd7 Be4 77. Ne5+ Kg8 78. Ng6 Kh7 79. Ne7 Bh1 80. Nf5 Be4 81. Ng3 Bg2 82. Nh5 Kg8 83. Nf6+ Kf7 84. Ng4 Be4 85. Ne5+ Kg8 86. Ng6 Kh7 87. Nf8+ Kg8 88. h7+ Kg7 89. Kf4 Bg2 90. Ke5 Bh1 91. Ke6 Bg2 92. Kd6 Bh1 93. Ke5 Bg2 94. Kf4 Bh1 95. Kg3 Kh8 96. Kf4 Kg7 97. Ke5 Bg2 98. Nd7 Kxh7 99. Nf6+ Kg6 100. Nxd5 Kf7 101. Nf4 Ba8 102. Kd6 Bh1 103. Nd3 Be4 104. Nc5 Bg2 105. Nd7 Ke8 106. Kc7 Ke7 107. Nc5 Bh1 108. Nd7 Ke6 109. Nb6 Bg2 110. Kb8 Kd6 111. Ka7 Kc6 112. Ka6 Bh1 113. Ka5 Bg2 114. Nc4 1/2-1/2

[Event "Guelph Winter Pro Am"]
[Site "Guelph CAN"]
[Date "2008.02.02"]
[Round "4"]
[White "Orlova, Yelizaveta"]
[Black "Pryor, Jamieson"]
[Result "0-1"]
[WhiteElo "1892"]
[BlackElo "1769"]
[PlyCount "56"]
[GameId "2160767910442342"]
[EventDate "2008.02.02"]
[EventType "swiss"]
[EventRounds "5"]
[EventCountry "CAN"]
[SourceTitle "EXT 2011"]
[Source "ChessBase"]
[SourceDate "2011.11.26"]
[SourceVersion "1"]
[SourceVersionDate "2011.11.26"]
[SourceQuality "1"]

1. d4 d5 2. Nf3 Nf6 3. e3 e6 4. b3 c5 5. Bb2 Nc6 6. Nbd2 cxd4 7. exd4 Bd6 8. a3 O-O 9. Bd3 Re8 10. Ne5 Ne7 11. O-O Ng6 12. f4 Nd7 13. Qf3 a6 14. Kh1 b6 15. Nxf7 Kxf7 16. f5 Nf4 17. fxe6+ Kg8 18. exd7 Bxd7 19. g3 Nxd3 20. Qxd3 Qc7 21. Nf3 Bb5 22. Qf5 Bxf1 23. Rxf1 Rf8 24. Qxd5+ Kh8 25. c4 Bxg3 26. hxg3 Qxg3 27. Nh2 Qh3 28. Rg1 Ra7 0-1